Gareth Bale - Statistics

Estatísticas Gerais
  • Esse quiz foi jogado 85 vezes
  • A pontuação média é 6 de 7
Estatísticas das Respostas
Anos Clubes % Correto
2013-2020 Real Madrid
100%
2021-2022 Real Madrid
100%
2007-2013 Tottenham
99%
2020-2021 Tottenham
99%
(Seleção)2006-2023 País de Gales
84%
2022-2023 Los Angeles FC
48%
2005-2007 Southampton
37%
Nenhum quiz correspondente encontrado
Distribuição das Pontuações
Porcentagem de Pessoas com Cada Pontuação
Percentil de Números Respondidos
Sua Pontuação Histórica
Você não jogou esse quiz